000 00298nam a2200121Ia 4500
008 240624s9999 xx 000 0 und d
041 _aeng
082 _a413 LON
100 _aLONGMAN
245 _aBUSINESS ENGLISH DICTIONARY
260 _c2001
_aLondon
_bPeter Collins
300 _a454 : p. : cm. ; 30
999 _c5532
_d5532